Cities of New England - Statistics

General Stats
  • This quiz has been taken 51 times
  • The average score is 53 of 150
Answer Stats
Population City % Correct
692,600 Boston
97%
179,883 Providence
97%
43,627 Concord
93%
130,250 New Haven
93%
122,105 Hartford
90%
57,584 Manchester (CT)
90%
112,673 Manchester (NH)
90%
153,606 Springfield
90%
185,428 Worcester
87%
144,399 Bridgeport
80%
66,215 Portland
80%
28,627 Burlington (MA)
77%
42,819 Burlington (VT)
77%
129,638 Stamford
77%
118,927 Cambridge
73%
110,997 Lowell
73%
95,363 New Bedford
70%
94,470 Quincy
67%
81,004 Warwick
63%
107,568 Waterbury
63%
59,947 Bristol
60%
94,299 Lynn
60%
89,355 Nashua
60%
32,262 Bangor
57%
32,191 Dover
57%
61,528 Plymouth
57%
43,226 Salem (MA)
57%
29,791 Salem (NH)
57%
59,121 Brookline
53%
88,414 Newton
53%
42,142 Pittsfield
53%
39,924 Amherst
50%
95,708 Brockton
50%
84,694 Danbury
50%
89,541 Fall River
50%
26,858 New London
50%
28,451 Northampton
50%
81,456 Cranston
47%
47,618 East Providence
47%
30,430 Gloucester
47%
36,225 Lewiston
47%
33,132 Lexington
47%
57,341 Medford
47%
88,816 Norwalk
47%
81,360 Somerville
47%
62,495 Waltham
47%
36,356 Andover
43%
44,477 Barnstable
43%
62,840 Greenwich
43%
40,117 Holyoke
43%
72,495 New Britain
43%
72,117 Pawtucket
43%
55,126 Chicopee
40%
34,188 Dartmouth
40%
28,569 East Haven
40%
64,014 Haverhill
40%
80,028 Lawrence
40%
62,965 West Hartford
40%
54,620 West Haven
40%
41,751 Woonsocket
40%
62,045 Fairfield
37%
38,436 Groton
37%
53,073 Revere
37%
57,464 Taunton
37%
35,939 Watertown
37%
45,237 Attleboro
33%
37,190 Braintree
33%
40,638 Fitchburg
33%
31,526 Rochester
33%
28,670 Wellesley
33%
45,531 Arlington
30%
46,451 Everett
30%
39,597 Marlborough
30%
46,258 Middletown
30%
28,491 Westport
30%
28,517 West Springfield
30%
28,613 Agawam
27%
39,690 Chelsea
27%
41,716 Leominster
27%
25,487 Mansfield
27%
36,050 Natick
27%
32,686 North Providence
27%
53,070 Peabody
27%
25,532 South Portland
27%
28,962 West Warwick
27%
35,263 Cumberland
23%
49,872 East Hartford
23%
34,087 Franklin
23%
60,556 Hamden
23%
60,470 Malden
23%
59,395 Meriden
23%
50,706 Methuen
23%
54,747 Milford (CT)
23%
29,101 Milford (MA)
23%
27,593 Milton
23%
28,361 Saugus
23%
41,204 Westfield
23%
40,228 Woburn
23%
42,174 Beverly
20%
27,619 Bridgewater
20%
34,819 Coventry
20%
27,549 Danvers
20%
31,634 Dracut
20%
43,659 Enfield
20%
25,463 Middleborough
20%
29,364 North Attleborough
20%
26,323 North Kingstown
20%
25,400 Reading
20%
57,746 Weymouth
20%
43,367 Billerica
17%
35,391 Chelmsford
17%
33,485 Derry
17%
30,993 Falmouth
17%
25,619 Hudson
17%
26,490 Londonderry
17%
31,388 Needham
17%
31,188 North Andover
17%
38,768 Norwich
17%
34,362 Randolph
17%
38,526 Shrewsbury
17%
30,348 South Kingstown
17%
31,178 Tewksbury
17%
27,045 Wakefield
17%
28,733 Windsor
17%
26,116 Belmont
13%
74,416 Farmingham
13%
25,497 Farmington
13%
29,471 Johnston
13%
28,016 Melrose
13%
25,395 Simsbury
13%
27,900 Branford
10%
25,967 Marshfield
10%
30,014 Newington
10%
29,725 Norwood
10%
51,849 Stratford
10%
34,044 Torrington
10%
34,482 Glastonbury
7%
26,490 Merrimack
7%
31,108 Naugatuck
7%
27,891 Newtown
7%
43,834 Southington
7%
26,162 South Windsor
7%
28,937 Cheshire
3%
26,805 New Milford
3%
41,129 Shelton
3%
28,915 Stoughton
3%
35,673 Trumbull
3%
29,359 Vernon
3%
44,326 Wallingford
3%
26,008 Wethersfield
0%
No matching quizzes found
Score Distribution
Percent of People with Each Score
Percentile by Number Answered
Your Score History
You have not taken this quiz